Ignacio Nuñez Soler (Record no. 390)

MARC details
000 - LÍDER
campo de control de longitud fija 00689nam a2200181Ia 4500
008 - ELEMENTOS DE DATOS DE LONGITUD FIJA - INFORMACIÓN GENERAL
campo de control de longitud fija 0000001999 ag az 0000000000spa00
020 ## - INTERNATIONAL STANDARD BOOK NUMBER
International Standard Book Number 98792911093
090 ## - NÚMERO DE LLAMADA DE TIPO LC LOCALMENTE ASIGNADO (OCLC)
Número de clasificación (OCLC) (R) PPY00 E71i
100 1# - ENTRADA PRINCIPAL - NOMBRE PERSONAL
Nombre de la persona Escobar, Ticio
245 10 - TÍTULO DECLARACIÓN
Título Ignacio Nuñez Soler
Resto del título : proyecto cultural artistas del Mercosur
Declaración de responsabilidad / textos Ticio Escobar ; curaduría Osvaldo Salerno
260 ## - PUBLICACIÓN, DISTRIBUCIÓN
Lugar de publicación Asunción : Banco Alemán
Fecha de publicación 1999
300 ## - DESCRIPCIÓN FÍSICA
Alcance 253 p.
Dimensiones / 29 cm.
500 ## - NOTA GENERAL
Nota general Con el patronazgo del maestro venezolano Jesús Rafael Soto (q.e.p.d.)
600 00 - ENTRADA DE SUJETO AÑADIDO - NOMBRE PERSONAL
Nombre de la persona NUñEZ SOLER, IGNACIO, 18911983/
Subdivisión general TRABAJOS PICTORICOS
650 14 - ENTRADA DE SUJETO AÑADIDO - TÉRMINO TÓPICO
Término tópico o elemento de entrada del nombre geográfico PINTURA PARAGUAYA
650 14 - ENTRADA DE SUJETO AÑADIDO - TÉRMINO TÓPICO
Término tópico o elemento de entrada del nombre geográfico PINTORES PARAGUAYOS
700 1# - ENTRADA AGREGADA - NOMBRE PERSONAL
Nombre de la persona Salerno, Osvaldo
Holdings
Estado de retirada Pérdida de estatus Estado dañado No para préstamo Código de recogida Ubicación permanente Ubicación actual Ubicación de las estanterías Fecha de adquisición Número de llamada completo Código de barras Fecha de la última vez que se vio Número de copia Precio efectivo desde Tipo de artículo Koha
        General ArtNexus ArtNexus General 06/09/2022 P-PY-00 E71I 390 06/09/2022 Ej.1 06/09/2022 Libro

Powered by Koha